[Event "Saint Louis Blitz 2020"]
[Site "Saint Louis"]
[Date "2020.09.18"]
[Round "3"]
[White "Harikrishna, Pentala"]
[Black "Carlsen, Magnus"]
[Result "1-0"]
[WhiteElo "2732"]
[BlackElo "2863"]
[Annotator "TA"]
[PlyCount "125"]
[EventDate "2020.09.18"]
[EventType "blitz"]
[EventCountry "USA"]
[SourceTitle "playchess.com"]
[Source "ChessBase"]
[SourceQuality "1"]

{[%evp 9,125,6,14,12,23,32,31,16,26,2,12,13,31,27,38,25,27,9,24,10,29,26,47,34,63,0,41,39,59,77,112,109,107,111,107,107,104,100,83,89,104,104,105,97,108,108,110,111,111,108,97,109,158,102,106,97,99,88,111,75,70,66,66,69,87,57,65,65,72,72,72,71,71,72,73,67,70,56,110,91,91,91,97,83,116,114,113,85,139,135,256,256,245,224,224,220,283,281,270,257,312,300,443,440,420,414,809,802,779,773,815,802,773,662,1593,1374,29970,29968]} 1. e4 c5 2. Nf3 d6 3. c3 Nf6 4. Be2 Bd7 5. Qc2 Bc6 6. d3 {B50: Sicilian: 2...d6, Miscellaneous.} Nbd7 7. O-O e6 8. Nbd2 {White is slightly better.} Rc8 9. d4 cxd4 10. Nxd4 Be7 11. Nxc6 Rxc6 12. Nb3 O-O 13. Be3 a6 14. Rad1 Rc8 15. f4 $36 {[%mdl 2048] White is pushing.} Qc7 {[#]} 16. Kh1 $146 ({Predecessor:} 16. Bf3 b5 17. Qf2 e5 18. g4 exf4 19. Bxf4 Ne5 20. g5 Nxf3+ 21. Qxf3 Nd7 22. Nd4 {0-1 (35) Zatonskih,A (2489)-Ju,W (2501) Khanty-Mansiysk 2012}) 16... b5 17. Bd3 (17. g4 $14) 17... g6 18. Qe2 Nb6 19. f5 gxf5 20. exf5 e5 21. Nd2 Kh8 22. Ne4 Nbd5 23. Nxf6 Nxf6 24. Bg5 d5 25. Bc2 Rcd8 26. Bb3 e4 27. Bxf6+ Bxf6 28. Bxd5 Rfe8 29. Bxe4 Rxd1 30. Rxd1 b4 31. Qxa6 (31. cxb4 $142 Qe7 32. Qxa6) 31... Kg7 $16 32. Qd3 bxc3 33. bxc3 Qe5 34. Bf3 Qe1+ 35. Qf1 Qxc3 36. Qf2 Qe5 37. Qg3+ Qxg3 38. hxg3 $14 {[%mdl 4096] Endgame KRB-KRB} Re5 39. g4 Ra5 40. Bd5 Ra4 41. Bb3 Rxg4 42. Rd7 Kh6 43. Rxf7 Rh4+ {Black is on the road to losing.} 44. Kg1 Kg5 45. Be6 h5 46. Kf2 Rb4 47. Rf8 h4 48. Ke3 {aiming for Rg8+.} Bd4+ (48... Bg7 $142 49. Rg8 Kf6) 49. Kf3 $16 Bc5 {[#]} (49... Bg7 $16 50. Rg8 Kf6) 50. Rg8+ $1 $18 Kf6 51. Rg6+ Ke5 52. Rg4 Rb1 53. Re4+ (53. Rxh4 Rf1+ 54. Kg4 Rf4+ 55. Kh5 Rxh4+ 56. Kxh4 Be3 $18) 53... Kf6 54. Rxh4 Rf1+ 55. Ke4 Kg5 (55... Re1+ $142 56. Kd5 Re5+ 57. Kc6 Be3) 56. Rh8 Re1+ 57. Kd5 Ba3 (57... Be7 $142 58. Rg8+ Kf4 59. g3+ Ke3) 58. Rg8+ Kf4 59. g3+ Kf3 60. f6 Rd1+ 61. Kc4 {[#] Threatens to win with Bg4+.} Rd6 62. Bd5+ Ke3 63. Ra8 {Accuracy: White = 90%, Black = 62%.} 1-0

[Event "Saint Louis Blitz 2020"]
[Site "Saint Louis"]
[Date "2020.09.18"]
[Round "4"]
[White "Carlsen, Magnus"]
[Black "Aronian, Levon"]
[Result "1-0"]
[WhiteElo "2863"]
[BlackElo "2773"]
[Annotator "TA"]
[PlyCount "159"]
[EventDate "2020.09.18"]
[EventType "blitz"]
[EventCountry "USA"]
[SourceTitle "playchess.com"]
[Source "ChessBase"]
[SourceQuality "1"]

{[%evp 11,159,4,16,0,12,10,15,10,15,9,13,0,8,-5,28,27,38,31,20,12,26,12,24,12,31,46,60,37,38,21,50,58,140,139,186,186,189,190,190,190,169,183,379,373,361,320,320,321,365,354,335,312,305,177,174,172,173,168,186,175,197,201,190,133,256,244,231,245,210,45,21,24,20,0,0,0,12,0,0,0,9,0,8,-43,8,0,42,-8,-8,-16,-22,-8,0,0,0,0,0,0,0,0,0,-547,-103,-270,0,-24,0,0,77,77,120,145,135,82,82,0,1630,1580,5077,5496,4654,3012,29960,12486,29971,29974,29989,29963,29971,29973,29972,29974,29976,29977,29976,29979,29979,29980,29980,29980,29980,29981,29981,29982,29982,29983,29984,29985,29985,29980]} 1. c4 Nf6 2. Nc3 e5 3. e3 Bb4 4. Nge2 O-O 5. a3 Be7 6. d4 exd4 7. Qxd4 {A22: English Opening: 1...e5 2 Nc3 Nf6.} Nc6 8. Qd1 Re8 9. Nf4 {The position is equal.} Bd6 10. Nfd5 Be5 11. Be2 Nxd5 12. cxd5 {[#]} Bxc3+ $146 ({Predecessor:} 12... Ne7 13. O-O d6 14. Qd3 f5 15. Bd2 Bd7 16. Rac1 a6 17. Rfe1 Ng6 18. f4 Bf6 {1-0 (27) Malakhatko,V (2470)-Makhnev,D (2476) Almaty 2019}) 13. bxc3 Ne5 14. O-O d6 15. c4 Qh4 16. Qc2 b6 17. Bb2 Qh6 (17... Ng4 {keeps more tension.} 18. h3 Ne5 19. Rab1 Nd7 20. Qa4 Qe7) 18. e4 Nd7 19. Rae1 Nc5 20. Bd1 Qg6 {[%cal Re8e4]} 21. Re3 Nxe4 (21... f6 $1 $14) 22. Rfe1 $1 $16 {aiming for f3.} Bf5 23. g4 Bxg4 24. Bxg4 Qxg4+ 25. Kh1 f5 26. f3 {[#]} Qh4 $2 (26... Ng3+ $1 {[%mdl 512]} 27. hxg3 Rxe3 28. Rxe3 (28. fxg4 Rxe1+ 29. Kg2 fxg4 $14) 28... Qh3+ 29. Kg1 Qxg3+ 30. Kf1 Qh3+ 31. Qg2 Qxg2+ 32. Kxg2 Kf7) 27. fxe4 $18 f4 {[#]} 28. Qg2 $1 {[%csl Gb2][%cal Rg2g7][%mdl 512]} Re7 29. R3e2 Qh5 30. Rf2 Rf8 31. Rg1 {[%cal Rg2g7] Intending Qxg7+! and mate.} Rff7 32. Bd4 (32. Rgf1 $142) 32... f3 33. Qg4 Qxg4 34. Rxg4 h5 35. Rh4 g6 36. Kg1 Kh7 37. Rd2 (37. e5 $18 dxe5 38. Be3) 37... Kh6 (37... g5 $16 38. Rxh5+ {[%mdl 64] Double Attack} Kg6) 38. e5 $1 dxe5 39. Be3+ g5 40. Re4 $2 (40. d6 $1 $18 {[%cal Rd6e7]} f2+ 41. Bxf2 gxh4 42. dxe7 Rxe7 43. Bxh4 Rg7+ 44. Rg2) 40... Kg6 $14 {White must now prevent ...Kf5.} 41. c5 Kf5 42. Rc4 bxc5 43. Rxc5 Re8 44. Kf2 g4 45. Rc6 Rh8 46. Bxa7 h4 47. Be3 (47. Ke3 $11) 47... Rg7 ({Black should play} 47... e4 $15) 48. a4 {And now a5 would win.} e4 (48... Ke4 $5 {[%cal Rg4g3]} 49. Rc4+ Kf5 $16) 49. d6 g3+ {[%mdl 64] Double Attack} 50. Kf1 $1 cxd6 {Hoping for ...Rb8.} 51. h3 $132 {[%mdl 2048] White puts up resistance} Rd8 52. Rd5+ Ke6 53. Rh5 $1 Rb7 {Strongly threatening ...Rb3.} 54. Rh6+ Kd5 55. Rc1 $1 Rb3 56. Bg5 $2 {[%mdl 8192]} (56. Rh5+ $1 $11 {and White is okay.} Ke6 57. Rh6+ Kf5 58. Rh5+ Kg6 59. Rh6+ Kf5 60. Rh5+ Ke6 61. Rh6+ Ke5 62. Rh5+ Kf6 63. Rh6+ Kf5) 56... Re8 $2 (56... Rg8 $19 57. Rh5 Ke6) 57. Bxh4 $2 (57. Bf4 $17 {is the only way for White.} Rd8 58. Kg1) 57... g2+ $2 (57... Rg8 $1 $19 58. Rh5+ Ke6) 58. Kg1 e3 {...Rg8 is the strong threat.} 59. Rd1+ Kc4 (59... Ke4 $11 60. Bg3 e2 61. Rh4+ Kf5 62. Rf4+ Kg5 63. Rg4+ Kf5 64. Rf4+ Kg5 65. Rg4+ Kf5 66. Rf4+) 60. Rhxd6 $16 f2+ 61. Kxg2 {Threatens to win with Bg5.} Rg8+ 62. Kf3 (62. Kh2 $142 $1) 62... Rg1 {[#]} 63. R6d4+ ({Better is} 63. Rc6+ $1 $16 Kb4 64. Rcc1 e2+ 65. Kxe2 Kxa4 66. Bxf2 Rxd1 67. Rxd1 (67. Kxd1 Rxh3 68. Ke2 Rh2 $14) 67... Rxh3 68. Be3) 63... Kc3 $2 {[%mdl 8192]} (63... Kc5 $11 64. Rd5+ (64. Be7+ Kb6 $11) 64... Kb6) 64. Bxf2 $18 exf2 65. Kxf2 Rxd1 66. Rxd1 {[%mdl 4096] Endgame KR-KR} Kc2 {[#]} 67. Rh1 $1 Ra3 68. h4 {White mates.} Kd3 69. Kf3 Kd4+ 70. Kf4 Rxa4 71. h5 Kd5+ 72. Kf5 Ra2 73. h6 Rf2+ 74. Kg6 Rg2+ 75. Kf6 Rf2+ 76. Ke7 Re2+ 77. Kd7 Ra2 78. Rh5+ Ke4 79. h7 Ra7+ 80. Ke6 {A wild game. Accuracy: White = 79%, Black = 64%.} 1-0

[Event "Saint Louis Blitz 2020"]
[Site "Saint Louis"]
[Date "2020.09.18"]
[Round "4"]
[White "Nakamura, Hikaru"]
[Black "Firouzja, Alireza"]
[Result "1-0"]
[WhiteElo "2736"]
[BlackElo "2728"]
[Annotator "TA"]
[PlyCount "111"]
[EventDate "2020.09.18"]
[EventType "blitz"]
[EventCountry "USA"]
[SourceTitle "playchess.com"]
[Source "ChessBase"]
[SourceQuality "1"]

{[%evp 10,111,12,15,14,14,29,9,52,36,35,25,66,6,24,0,0,0,0,6,39,44,31,33,43,43,45,47,66,52,83,71,87,102,100,99,85,56,112,109,118,107,115,118,118,93,118,93,95,99,155,149,207,208,182,188,183,169,193,75,63,22,83,32,33,31,32,39,39,12,11,13,11,23,72,73,588,143,317,293,1057,1017,907,783,948,737,29989,29990,29990,29991,29991,29989,29989,29990,29989,29983,29985,29986,29989,29988,29990,29989,29989,29988]} 1. e4 c5 2. Nf3 d6 3. Bb5+ Nd7 4. Ba4 a6 5. c3 b5 6. Bc2 Bb7 {B51: Sicilian: Moscow Variation (3 Bb5+) without 3...Bd7.} 7. O-O Ngf6 8. Re1 g6 {The position is equal.} 9. d4 cxd4 10. cxd4 Bg7 11. Nbd2 $5 {[%mdl 4] A promising side line.} (11. e5 $14) 11... O-O $11 12. Nf1 Rc8 13. Ng3 Qc7 14. Bd3 {[#]} Qb8 $146 ({Predecessor:} 14... e5 15. d5 Nc5 16. Bc2 b4 17. h3 a5 18. Be3 Ba6 19. Rc1 Qb7 20. Qd2 Nfd7 {1-0 (38) Stevanic,D (2297)-Dobrovoljc,V (2310) Nova Gorica 2018}) 15. Bd2 e5 16. d5 Nc5 17. Bc2 Ba8 18. h3 Kh8 19. b4 Ncd7 20. a4 Nb6 21. axb5 axb5 22. Bd3 Nc4 23. Qe2 Nxd2 ({Black should play} 23... Bb7 $14) 24. Qxd2 $16 Ng8 25. Ra5 Bh6 26. Qb2 Qc7 27. Rxb5 Bc1 28. Qa1 {Black must now prevent Nxe5!} Bf4 29. Ra5 Qb6 ({Better is} 29... Bb7) 30. Ra6 Qxb4 (30... Qd8 $16 31. Ra7 Rc7) 31. Ne2 $18 Bh6 32. Rb1 Qc5 33. Ra7 Be3 34. fxe3 (34. Ra5 $1 $18 {[%cal Ra5c5] is the precise move to win.} Bxf2+ 35. Kf1) 34... Qxe3+ $16 {[%mdl 64] Double Attack} 35. Kh1 {Strongly threatening Ra3.} Qxd3 {[#]} 36. Ng3 ({White should try} 36. Ng5 $1 $16 Nh6 37. Ng1) 36... Nf6 $14 37. Re1 {[%mdl 1024] White has compensation.} Kg8 38. Kh2 h5 39. Ra3 Qc2 40. Ra6 $36 {[%mdl 2048] White is pushing.} Rfd8 {[#]} 41. Nxe5 $1 {[%mdl 512]} h4 (41... dxe5 42. Rxf6) 42. Nf1 {aiming for Nxg6!} Nxe4 $2 {[%mdl 8192] [#]} (42... Qc3 $16) 43. Ng4 $2 (43. Nxf7 $1 $18 {[%mdl 512]} Kxf7 44. Ra7+ Rc7 45. Rxc7+ {[%mdl 64] Overworked Piece} (45. Rxa8 Rxa8 46. Qxa8 Nf6 $11) 45... Qxc7 46. Rxe4 Bxd5 47. Rxh4) 43... Nc3 $2 {Black cannot hold the game after this.} ({Not} 43... Bxd5 $2 44. Nfe3 $18) (43... Qc3 $16) 44. Ra3 Bxd5 $2 (44... Qd3 45. Rc1 Qd4) 45. Nfe3 $18 Qd2 46. Nf6+ Kf8 47. Nfxd5 Nxd5 48. Qh8+ {[%mdl 64] Double Attack. White mates.} Ke7 49. Nxd5+ Kd7 50. Nf6+ Kc6 51. Qxh4 d5 52. Rea1 g5 53. Ra6+ Kb5 54. Qa4+ Kc5 55. Ra5+ Kd6 56. Rxd5+ {Accuracy: White = 74%, Black = 58%.} 1-0

[Event "Saint Louis Blitz 2020"]
[Site "Saint Louis"]
[Date "2020.09.18"]
[Round "4"]
[White "Xiong, Jeffery"]
[Black "Harikrishna, Pentala"]
[Result "0-1"]
[WhiteElo "2709"]
[BlackElo "2732"]
[Annotator "TA"]
[PlyCount "36"]
[EventDate "2020.09.18"]
[EventType "blitz"]
[EventCountry "USA"]
[SourceTitle "playchess.com"]
[Source "ChessBase"]
[SourceQuality "1"]

{[%evp 11,36,0,6,0,0,0,0,0,0,0,26,-114,-116,-332,-341,-331,-351,-580,-444,-650,-675,-981,-914,-1401,-1384,-1327,-1170]} 1. e4 c6 2. d4 d5 3. f3 dxe4 4. fxe4 e5 5. Nf3 Bg4 6. Bc4 Nd7 7. c3 {B12: Caro-Kann: Advance Variation.} Bd6 8. Qb3 Qe7 9. O-O {[#] Hoping for Bxf7+!The position is equal.} ({But not} 9. Qxb7 $6 Rb8 $16) 9... Ngf6 10. Qxb7 O-O {[#]} (10... Rb8 $5 {[%cal Rb8b7]} 11. Qxc6 O-O $14) 11. dxe5 $146 (11. Nbd2 $1 $11) ({Predecessor:} 11. Bg5 Rab8 12. Qxc6 Rfc8 13. Qa6 exd4 14. cxd4 Bxf3 15. Rxf3 Qxe4 16. Qxd6 Rxc4 17. Nc3 Qxd4+ 18. Qxd4 Rxd4 19. Be3 Rd3 20. Bc1 Rxf3 21. gxf3 Ne5 22. Bf4 {1-0 (22) Randazzo,A (2293)-Bugayev,V chess.com INT 2020}) 11... Bxe5 $17 {Strongly threatening ...Qc5+.} 12. Nxe5 $2 (12. Kh1 $17 Bxf3 13. Rxf3) 12... Qc5+ $19 13. Kh1 {Threatens to win with Nxd7.} Nxe5 14. b3 $2 (14. Nd2 {was worth a try.} Nxc4 15. b4) 14... Nxc4 {Black is clearly winning.} 15. bxc4 (15. Qb4 $142 Qxb4 16. cxb4) 15... Nxe4 16. Qb2 Rad8 17. Qc2 Rfe8 {( -> ...Nf2+!)} 18. Bf4 {[#]} Nf2+ $1 {[%mdl 512] Black took control after the opening. Accuracy: White = 24%, Black = 87%.} 0-1

[Event "Saint Louis Blitz 2020"]
[Site "Saint Louis"]
[Date "2020.09.18"]
[Round "5"]
[White "Nepomniachtchi, Ian"]
[Black "Carlsen, Magnus"]
[Result "1-0"]
[WhiteElo "2784"]
[BlackElo "2863"]
[Annotator "TA"]
[PlyCount "101"]
[EventDate "2020.09.18"]
[EventType "blitz"]
[EventCountry "USA"]
[SourceTitle "playchess.com"]
[Source "ChessBase"]
[SourceQuality "1"]

{[%evp 9,101,-12,-19,-15,-16,-15,-12,-10,-12,-10,-14,-28,0,-30,-32,-31,-33,-37,0,-8,5,8,18,0,0,-34,22,0,0,0,0,0,16,-25,15,0,0,0,62,54,101,66,78,72,65,74,69,62,62,62,62,60,66,68,85,69,66,29,126,53,131,116,235,239,414,414,502,494,476,457,552,559,533,538,449,196,197,195,445,203,200,0,0,0,317,184,197,166,765,767,12843,12843,12844,12844]} 1. b3 g6 2. Bb2 Nf6 3. e4 c5 4. f4 Bg7 5. Qf3 d6 6. Bb5+ {A01: Nimzowitsch-Larsen Opening.} Bd7 7. Bxd7+ Qxd7 8. Ne2 {Threatening e5.The position is equal.} O-O 9. O-O Nc6 {[#]} 10. d3 $146 ({Predecessor:} 10. Nbc3 Rac8 11. Nd1 b5 12. a4 a6 13. Ne3 Nxe4 14. Qxe4 Bxb2 15. axb5 axb5 16. Nd5 Bxa1 17. Rxa1 {0-1 (29) Gutmann,A (2100)-Matt,F (2347) St Johann im Pongau 2016}) 10... b5 11. c4 b4 12. h3 a5 13. a4 bxa3 14. Rxa3 Rab8 15. Bc3 Ne8 16. Qe3 f5 17. exf5 gxf5 ({Better is} 17... Rxf5 $15 18. Nd2 Rf7) 18. Bxg7 Nxg7 19. Nbc3 Ne6 20. Nb5 Rf6 21. Rf3 Rg6 22. Rg3 Kf7 23. Kh2 Qd8 (23... Rbg8 $11) 24. Qf3 $1 $14 {[%cal Rf3c6]} Rc8 (24... Ncd4 $2 25. Nbxd4 cxd4 26. Qh5 $18) 25. Qh5 Ng7 26. Qxh7 Rxg3 27. Kxg3 Qg8 28. Qxg8+ Rxg8 29. Kf3 $36 {[%mdl 2048] White has good play.} Ne6 30. Ra1 Kf6 31. g4 Rh8 32. g5+ Kg6 33. Kg3 Nb4 (33... Ng7 $11) 34. d4 (34. Rxa5 $16 Nxd3 35. Ra7) 34... cxd4 (34... Nc2 $14 35. Rd1 (35. Rxa5 cxd4 36. h4 d3 $11) 35... Rb8) 35. Nbxd4 $16 ({Don't play} 35. Nexd4 $6 Nxf4 36. Kxf4 Rxh3 $11) 35... Nc5 (35... Nxd4 $16 36. Nxd4 e5) 36. Rxa5 $18 Ne4+ $2 {[#]} (36... Nbd3 37. Nc6 Ne4+ 38. Kh2 Rh7) 37. Kg2 Nc5 38. Rb5 Nbd3 39. b4 Ne4 40. Nxf5 Ne1+ 41. Kf1 Rxh3 42. Kxe1 (42. Nxe7+ $142 Kf7 43. Rb7) 42... Rh1+ 43. Ng1 Rxg1+ {[%mdl 4096] Endgame KRN-KRN} 44. Ke2 e5 {[#]} 45. Nh4+ $2 ({Stronger than} 45. fxe5 Kxf5 46. exd6+ Ke6 $11) ({White must play} 45. Ne7+ $1 $18 Kf7 46. Rb7 (46. fxe5 Kxe7 47. exd6+ Nxd6 $11)) 45... Kh5 $1 $11 46. Nf3 Rg4 $2 {[%mdl 8192]} (46... Nc3+ $1 $11 47. Kd2 Rg3 48. Kxc3 Rxf3+ 49. Kd2 Rf2+ 50. Kc3 Rf3+ 51. Kd2 Rf2+ 52. Kc3 Rf3+) 47. Ke3 (47. fxe5 Nc3+ 48. Ke3 Nxb5 $11) (47. Nxe5 $142 Nc3+ 48. Kf3 dxe5 49. Rxe5) 47... Nc3 $18 48. Rb6 ({Weaker is} 48. fxe5 Nxb5 49. cxb5 dxe5 $11) 48... Rxf4 $2 (48... exf4+ 49. Kd4 Rg3) 49. Rxd6 {White is clearly winning.} Rxc4 50. Rh6+ Kg4 51. Rh4+ {Accuracy: White = 71%, Black = 53%.} 1-0

[Event "Saint Louis Blitz 2020"]
[Site "Saint Louis"]
[Date "2020.09.18"]
[Round "5"]
[White "Harikrishna, Pentala"]
[Black "Nakamura, Hikaru"]
[Result "1/2-1/2"]
[WhiteElo "2732"]
[BlackElo "2736"]
[Annotator "TA"]
[PlyCount "44"]
[EventDate "2020.09.18"]
[EventType "blitz"]
[EventCountry "USA"]
[SourceTitle "playchess.com"]
[Source "ChessBase"]
[SourceQuality "1"]

{[%evp 12,44,16,20,28,32,37,29,36,14,34,34,39,21,8,0,0,0,7,17,22,27,22,33,30,0,0,3,4,0,0,0,0,0,0]} 1. e4 e5 2. Nf3 Nc6 3. Bb5 Nf6 4. O-O Nxe4 5. Re1 Nd6 6. Nxe5 Be7 7. Bf1 Nf5 {C67: Ruy Lopez: Berlin Defence: 4 0-0 Nxe4.} 8. Nf3 O-O 9. d4 d5 {White has an edge.} 10. Nc3 Nh4 11. Nxh4 Bxh4 12. Bf4 Bf5 {[#]} 13. Bd3 $146 (13. Na4 {feels hotter.} Bf6 14. c3 b6 15. b3 Ne7 16. Bg3) ({Predecessor:} 13. Qd2 Bf6 14. Ne2 Qd7 15. c3 Rfe8 16. Ng3 Bg6 17. Bg5 Bxg5 18. Qxg5 f6 19. Qf4 Rxe1 20. Rxe1 {½-½ (28) Anand,V (2773)-Nakamura,H (2746) Kolkata 2018}) 13... Bxd3 14. Qxd3 Bf6 15. Ne2 Ne7 16. Ng3 Ng6 17. Bd2 $36 {[%mdl 2048] White is pushing.} c6 18. Bb4 Re8 {The position is equal.} 19. Rxe8+ Qxe8 20. Re1 Qd7 21. Qf5 Qxf5 22. Nxf5 Nf4 {Accuracy: White = 90%, Black = 100%.} 1/2-1/2

[Event "Saint Louis Blitz 2020"]
[Site "Saint Louis"]
[Date "2020.09.18"]
[Round "5"]
[White "Firouzja, Alireza"]
[Black "Dominguez Perez, Leinier"]
[Result "1/2-1/2"]
[WhiteElo "2728"]
[BlackElo "2758"]
[Annotator "TA"]
[PlyCount "154"]
[EventDate "2020.09.18"]
[EventType "blitz"]
[EventCountry "USA"]
[SourceTitle "playchess.com"]
[Source "ChessBase"]
[SourceQuality "1"]

{[%evp 20,154,33,28,22,11,20,0,12,14,0,-8,0,-99,-97,-95,-93,-406,-426,-420,-405,-415,-404,-414,-426,-425,-417,-415,-401,-448,-396,-355,-359,-403,-385,-457,-447,-449,-380,-550,-550,-550,-550,-544,-543,-602,-594,-596,-550,-543,-529,-529,-520,-512,0,-606,-442,-418,-409,-340,-177,-166,-151,-151,-151,-151,-151,-151,-151,-151,-138,-138,-138,-138,-138,-154,-151,-151,-151,-181,-138,-199,-138,-138,0,-195,0,-176,-151,-151,-151,-162,-138,-162,-138,-151,-138,-138,-95,-95,-95,-95,-95,-95,-95,-95,-95,-95,-95,-154,-154,-154,-154,-162,-151,-151,-151,-151,-151,-151,-151,-151,-151,-151,-151,-151,-151,-151,0,-151,-151,-151,-151,-151,0,-151,0]} 1. e4 e5 2. Nf3 Nc6 3. Bb5 a6 4. Ba4 Nf6 5. O-O Nxe4 6. d4 b5 7. Bb3 d5 8. dxe5 Be6 9. c3 Bc5 10. Qd3 O-O 11. Nbd2 f5 {C82: Open Ruy Lopez: 9 c3 without 9...Be7.} 12. exf6 Nxf6 13. Bc2 Qd6 {The position is equal.} 14. Nb3 $1 {[%cal Rb3c5]} Bb6 {[#]} 15. Nfd4 $146 ({Predecessor:} 15. Nbd4 Nxd4 16. cxd4 c5 17. dxc5 Bxc5 18. Nd4 Bf7 {½-½ (18) Djurasevic,B-Karaklajic,N Novi Sad 1955}) 15... Ne5 16. Qg3 (16. Bf4 $1 $11 Bd7 17. Qe2) 16... Ne4 $36 {[%mdl 2048] Black is really pushing.} 17. Bxe4 dxe4 18. Nxe6 $4 {[%mdl 8192]} (18. Be3 $17 {is a better chance.}) 18... Bxf2+ $1 $19 ({Weaker is} 18... Qxe6 19. Be3 $15) 19. Qxf2 Rxf2 20. Rxf2 Qxe6 21. Nd4 Qd7 22. Be3 Ng4 23. Re2 c5 24. Nb3 Nxe3 25. Rxe3 Qd5 26. Rae1 Re8 27. h3 h6 28. R1e2 Kh7 29. Rd2 (29. Nd2 {was worth a try.} Qxa2 30. Rxe4 Rxe4 31. Nxe4) 29... Qg5 30. Rde2 Rd8 {[#] aiming for ...Rd1+.} 31. Rxe4 Rd1+ 32. Kh2 Qf6 33. Kg3 Rd3+ 34. Kh2 Qd6+ 35. Kg1 Rd1+ 36. Kf2 Qf6+ 37. Kg3 Rf1 {[#] White must now prevent ...Qd6+.} 38. Nd2 Qd6+ 39. Re5 Rf5 (39... Ra1 $142 40. Nf3 Rxa2) 40. Nf3 Rxe5 41. Nxe5 {[%mdl 4096] Endgame KQ-KRN} c4 42. a3 a5 43. Kf2 Qc5+ 44. Kg3 b4 45. axb4 axb4 46. cxb4 Qxb4 47. Nf3 Qd6+ 48. Kf2 Qc5+ 49. Kg3 Kg8 50. Rd2 (50. h4 $17) 50... Kf7 (50... g5 $19 51. Re2 Kg7) 51. Rd4 $17 Kg8 (51... Qc7+ $17 52. Kf2 Ke6) 52. Rd2 $1 $19 Kh7 53. Re2 $1 Qc7+ 54. Kf2 Qb6+ 55. Kg3 Qc5 56. Rd2 Qe3 57. Rc2 Qe4 58. Rd2 g5 59. Rd7+ Kg8 60. Rd8+ Kg7 61. Rd7+ Kf8 62. Rd8+ Ke7 63. Rd4 Qc2 64. Rd2 ({Better is} 64. h4) 64... Qb3 $17 65. Kf2 Qb6+ 66. Kg3 Qb8+ 67. Kf2 Kf6 68. g4 Qb6+ 69. Kg2 Qe3 70. Rf2 Kg7 71. Rd2 Qe4 72. Rd7+ Kf8 {And now ...Qe2+ would win.} 73. Rd2 Kg7 74. Rd7+ Kg8 {Strongly threatening ...Qe2+.} 75. Rd2 Qe3 76. Rc2 Kg7 77. Rd2 $1 Qe4 $2 {Accuracy: White = 82%, Black = 84%.} (77... Kf7 $17 78. Rd7+ Ke6) 1/2-1/2

[Event "Saint Louis Blitz 2020"]
[Site "Saint Louis"]
[Date "2020.09.18"]
[Round "6"]
[White "So, Wesley"]
[Black "Firouzja, Alireza"]
[Result "1/2-1/2"]
[WhiteElo "2770"]
[BlackElo "2728"]
[Annotator "TA"]
[PlyCount "65"]
[EventDate "2020.09.18"]
[EventType "blitz"]
[EventCountry "USA"]
[SourceTitle "playchess.com"]
[Source "ChessBase"]
[SourceQuality "1"]

{[%evp 18,65,18,15,15,18,20,22,20,17,16,12,17,16,22,5,8,12,8,8,17,9,17,0,15,0,18,18,66,49,72,75,168,0,0,0,29,0,0,0,0,0,0,0,0,0,0,-283,20,22]} 1. d4 Nf6 2. c4 e6 3. Nf3 d5 4. Nc3 Be7 5. Bf4 O-O 6. e3 Nbd7 7. Be2 dxc4 8. O-O c5 9. dxc5 Nxc5 10. Bxc4 Qxd1 {D37: Queen's Gambit Declined: 5 Bf4.} 11. Rfxd1 b6 12. Bd6 Bxd6 13. Rxd6 Bb7 14. Rad1 Bxf3 15. gxf3 Rfc8 16. Be2 g5 17. R6d4 Kf8 {[#]} 18. h4 $146 ({Predecessor:} 18. f4 gxf4 19. Rxf4 Ke7 20. Bf3 Rg8+ 21. Kf1 Rad8 22. Rfd4 Rxd4 23. Rxd4 Ncd7 24. h3 {1-0 (67) Ding,L (2811)-Firouzja,A (2702) Khanty-Mansiysk 2019}) 18... gxh4 19. Kh2 Ke7 20. Kh3 a5 21. f4 Rab8 22. e4 h5 23. f3 Rg8 24. e5 Nd5 {[#]} (24... Ne8 $16) 25. Nxd5+ $2 (25. f5 $1 $18) 25... exd5 $11 26. f5 f6 27. e6 Rg3+ 28. Kxh4 Rbg8 29. Rxd5 Rg2 {[%cal Rg2h2] [#]} 30. Bf1 Rh2+ 31. Bh3 {Threatens to win with R5d2.} Rxb2 32. f4 $2 {[%mdl 8192]} (32. R1d2 $11 {and White is okay.} Rb4+ 33. R5d4) 32... Rh2 $2 (32... Rxa2 $19 {And now ...a4 would win.} 33. R1d2 Rxd2 34. Rxd2 b5) 33. R5d2 {Accuracy: White = 84%, Black = 74%.} 1/2-1/2